Statistics for Chain Geography #4

Click here to take the quiz!

General Stats

  • This quiz has been taken 60 times
    (59 since last reset)
  • The average score is 8 of 10

Answer Stats

HintAnswer% Correct
Country owning GreenlandDenmark
96%
Biggest country in AfricaAlgeria
94%
Australia's only island stateTasmania
92%
Most populous city in New ZealandAuckland
87%
Middle-Eastern country with the same capital name as its countryKuwait
85%
Country with capital city of YerevanArmenia
75%
Capital of QatarDoha
74%
Formerly colonized Northeastern region in the USANew England
62%
Sea bordering Yemen and OmanArabian
58%
Capital of the Ivory CoastAbidjan
47%

Score Distribution

Percentile by Number Answered

Percent of People with Each Score

Your Score History

You have not taken this quiz since the last reset